[Event "Olympiad-42"]
[Site "Baku"]
[Date "2016.09.02"]
[Round "1.4"]
[White "Krnan, Tomas"]
[Black "Huguet Mainar, Sergio"]
[Result "1-0"]
[WhiteElo "2430"]
[BlackElo "2099"]
[PlyCount "143"]
[EventDate "2016.09.02"]
[EventType "team-swiss"]
[EventRounds "11"]
[EventCountry "AZE"]
[SourceTitle "CBM 175"]
[Source "ChessBase"]
[SourceDate "2016.11.10"]
[SourceVersion "1"]
[SourceVersionDate "2016.11.10"]
[SourceQuality "1"]
[WhiteTeam "Canada"]
[BlackTeam "Honduras"]
[WhiteTeamCountry "CAN"]
[BlackTeamCountry "HON"]

1. e4 e6 2. d4 d5 3. Nc3 Bb4 4. e5 c5 5. a3 Bxc3+ 6. bxc3 Qa5 7. Bd2 Qa4 8. Qg4 g6 9. Ra2 Nc6 10. Nf3 Nge7 11. Qf4 h6 12. h4 Bd7 13. dxc5 Qxf4 14. Bxf4 Rc8 15. Rb2 Na5 16. Be3 Nf5 17. Bd4 h5 18. Bd3 Rc7 19. Nd2 Ke7 20. f3 Nc6 21. Nb3 a5 22. a4 Ncxd4 23. cxd4 Bxa4 24. Bxf5 gxf5 25. Kf2 Bxb3 26. Rxb3 Ra8 27. Rhb1 Ra7 28. Ra3 Rc6 29. Ke3 f6 30. Kf4 Kf7 31. Rab3 Rc7 32. Ra1 Rc6 33. Ra4 Ke7 34. Rb5 Rca6 35. Ra1 fxe5+ 36. Kxe5 a4 37. Rab1 a3 38. Rxb7+ Rxb7 39. Rxb7+ Kd8 40. Rb1 a2 41. Ra1 Kc7 42. Kf6 Kd7 43. Kg5 Kc6 44. Kxh5 Kb5 45. g4 fxg4 46. fxg4 Kb4 47. g5 Kc3 48. g6 Kb2 49. Rxa2+ Rxa2 50. g7 Ra8 51. Kg6 e5 52. dxe5 d4 53. Kh7 Kxc2 54. g8Q Rxg8 55. Kxg8 d3 56. c6 d2 57. c7 d1Q 58. c8Q+ Kb2 59. Qb7+ Ka1 60. Qa6+ Kb2 61. Qb6+ Ka1 62. Qa5+ Kb2 63. Qb4+ Ka1 64. e6 Qd3 65. Qe1+ Kb2 66. Qf2+ Kb1 67. Qf6 Qd6 68. Kf7 Qc7+ 69. e7 Kc1 70. Kf8 Qc5 71. Qg5+ Qxg5 72. hxg5 1-0